000 00886nam a2200217Ii 4500
003 JO-AjNU
008 230605s9999||||xx |||||||||||||| ||und||
020 _a1-56564-311-9
040 _aJO-AjNU
_bara
_erda
_cJO-AjNU
041 _aara
050 1 4 _aH62 .I538 2008
100 3 _aامزيان، محمد محمد,
_eauthor
_952513
245 0 0 _aمنهج البحث الاجتماعي بين الوضعية والمعيارية
250 _aط4
264 3 1 _aفرجينيا: المعهد العالمي للفكر الاسلامي، 2008
300 _a427ص
_bيحتوي على ببلوغرافية من 415-427ص
336 _atext
_btxt
_2rdacontent
337 _aunmediated
_bn
_2rdamedia
338 _avolume
_bnc
_2rdacarrier
650 4 _aالعلوم الإجتماعية - طرق البحث - الجوانب الدينية - الاسلام - العالم العربي
_952514
999 _aA23267
_c26835
_d26835